| 000 | 00516nam a22001697a 4500 | ||
|---|---|---|---|
| 005 | 20231115121039.0 | ||
| 008 | 160824b xxu||||| |||| 00| 0 eng d | ||
| 022 | _a2395-2733 | ||
| 040 | _adpl | ||
| 082 | _a363.20954 | ||
| 245 | _aSardar Vallabhbhai Patel National police academy news letter | ||
| 260 |
_aHyderabad _bSVP National Police Academy |
||
| 270 |
_aShivarampally, _bHyderabad _dIndia _e5000052 |
||
| 300 |
_av. _c29cm |
||
| 310 | _aQuarterly | ||
| 942 |
_2ddc _cEN _s1 _mSAR _h363.20954 |
||
| 999 |
_c167064 _d167064 |
||